<?xml version="1.0" encoding="UTF-8"?>
<record
    xmlns:xsi="http://www.w3.org/2001/XMLSchema-instance"
    xsi:schemaLocation="http://www.loc.gov/MARC21/slim http://www.loc.gov/standards/marcxml/schema/MARC21slim.xsd"
    xmlns="http://www.loc.gov/MARC21/slim">

  <leader>00890cam a22002771  4500</leader>
  <controlfield tag="001">HSB009220</controlfield>
  <controlfield tag="003">PILC</controlfield>
  <controlfield tag="005">20151110122155.0</controlfield>
  <controlfield tag="008">750613s1965    nyucf         000 0 eng  </controlfield>
  <datafield tag="010" ind1=" " ind2=" ">
    <subfield code="a">65021869</subfield>
  </datafield>
  <datafield tag="020" ind1=" " ind2=" ">
    <subfield code="a">0671722611</subfield>
  </datafield>
  <datafield tag="035" ind1=" " ind2=" ">
    <subfield code="a">(OCoLC)1392321</subfield>
  </datafield>
  <datafield tag="040" ind1=" " ind2=" ">
    <subfield code="a">DLC</subfield>
    <subfield code="c">FO</subfield>
    <subfield code="d">OCoLC</subfield>
    <subfield code="d">DLC</subfield>
  </datafield>
  <datafield tag="050" ind1="0" ind2="0">
    <subfield code="a">PR 2808.A2 .Sh15r 1992</subfield>
  </datafield>
  <datafield tag="100" ind1="1" ind2=" ">
    <subfield code="a">Shakespeare, William,</subfield>
    <subfield code="d">1564-1616.</subfield>
  </datafield>
  <datafield tag="245" ind1="0" ind2="0">
    <subfield code="a">Three tragedies: romeo and juliet, hamlet, macbeth /</subfield>
    <subfield code="c">by William Shakespeare ; edited by Barbara A. Mowat and Paul Werstine.</subfield>
  </datafield>
  <datafield tag="260" ind1=" " ind2=" ">
    <subfield code="a">New York,</subfield>
    <subfield code="b">Washington Square Press</subfield>
    <subfield code="c">c1992.</subfield>
  </datafield>
  <datafield tag="300" ind1=" " ind2=" ">
    <subfield code="a">526 p. ; </subfield>
    <subfield code="c">17 cm.</subfield>
  </datafield>
  <datafield tag="440" ind1=" " ind2="0">
    <subfield code="a">The New Folger Library Shakespeare.</subfield>
  </datafield>
  <datafield tag="650" ind1=" " ind2="0">
    <subfield code="a">Hamlet (Legendary character)</subfield>
    <subfield code="v">Drama.</subfield>
  </datafield>
  <datafield tag="650" ind1=" " ind2="0">
    <subfield code="a">Princes</subfield>
    <subfield code="z">Denmark</subfield>
    <subfield code="v">Drama.</subfield>
  </datafield>
  <datafield tag="650" ind1=" " ind2="0">
    <subfield code="a">Assassins</subfield>
    <subfield code="v">Drama.</subfield>
  </datafield>
  <datafield tag="700" ind1="1" ind2=" ">
    <subfield code="a">Mowat, Barbara A.</subfield>
  </datafield>
  <datafield tag="700" ind1=" " ind2=" ">
    <subfield code="a">Werstine, Paul.</subfield>
  </datafield>
  <datafield tag="942" ind1=" " ind2=" ">
    <subfield code="2">lcc</subfield>
    <subfield code="c">BK</subfield>
  </datafield>
  <datafield tag="999" ind1=" " ind2=" ">
    <subfield code="c">288955</subfield>
    <subfield code="d">288955</subfield>
  </datafield>
  <datafield tag="952" ind1=" " ind2=" ">
    <subfield code="0">0</subfield>
    <subfield code="1">0</subfield>
    <subfield code="2">lcc</subfield>
    <subfield code="4">0</subfield>
    <subfield code="a">LUX</subfield>
    <subfield code="b">LUX</subfield>
    <subfield code="c">IB</subfield>
    <subfield code="d">2015-11-10</subfield>
    <subfield code="e">Library Fund</subfield>
    <subfield code="k">IB</subfield>
    <subfield code="l">0</subfield>
    <subfield code="o">PR 2808.A2 .Sh15r 1992</subfield>
    <subfield code="p">20118</subfield>
    <subfield code="r">2016-04-14 00:00:00</subfield>
    <subfield code="w">2015-11-10</subfield>
    <subfield code="y">BK</subfield>
  </datafield>
  <datafield tag="952" ind1=" " ind2=" ">
    <subfield code="0">0</subfield>
    <subfield code="1">0</subfield>
    <subfield code="2">lcc</subfield>
    <subfield code="4">0</subfield>
    <subfield code="a">LUX</subfield>
    <subfield code="b">LUX</subfield>
    <subfield code="c">IB</subfield>
    <subfield code="d">2015-11-10</subfield>
    <subfield code="e">Library Fund</subfield>
    <subfield code="k">IB</subfield>
    <subfield code="l">0</subfield>
    <subfield code="o">PR 2808.A2 .Sh15r 1992</subfield>
    <subfield code="p">20119</subfield>
    <subfield code="r">2016-04-14 00:00:00</subfield>
    <subfield code="w">2015-11-10</subfield>
    <subfield code="y">BK</subfield>
  </datafield>
  <datafield tag="952" ind1=" " ind2=" ">
    <subfield code="0">0</subfield>
    <subfield code="1">0</subfield>
    <subfield code="2">lcc</subfield>
    <subfield code="4">0</subfield>
    <subfield code="a">LUX</subfield>
    <subfield code="b">LUX</subfield>
    <subfield code="c">HS</subfield>
    <subfield code="d">2018-10-16</subfield>
    <subfield code="e">DONATION</subfield>
    <subfield code="k">HS</subfield>
    <subfield code="l">0</subfield>
    <subfield code="o">PR 2808.A2 .Sh15r 1992</subfield>
    <subfield code="p">20631</subfield>
    <subfield code="r">2018-10-22 00:00:00</subfield>
    <subfield code="w">2018-10-16</subfield>
    <subfield code="y">BK</subfield>
    <subfield code="z">Donated by Charlie McNamara</subfield>
  </datafield>
</record>
